| 000 | 00373nam a2200145Ia 4500 | ||
|---|---|---|---|
| 008 | 210210b1979 xxu||||| |||| 00| 0 eng d | ||
| 082 | _a380 SINT | ||
| 100 | _aSINHA (J C) and MUGALI (V N). | ||
| 245 | _aTextbook of commerce. Ed 12. | ||
| 250 | _a | ||
| 260 |
_aNew Delhi. _bR Chand & Company Publishers., _c1979 |
||
| 300 | _a373 | ||
| 690 | _aCommerce | ||
| 906 | _a035020 | ||
| 999 |
_c85339 _d85339 |
||